000 01000nam a2200301 i 4500
005 20220317000120.0
007 ta
008 200419s2013 sp a gr 000 0 spa d
020 _a9788426110466
040 _aCO-BoRNBP
_bspa
_cCO-BoRNBP
_erda
041 0 _aspa
043 _as-ck---
084 _aH HER5
100 1 _aHergé
_d1907-1983
_eautor
245 1 3 _aEl cangrejo de las pinzas de oro
_cHergé ; traducido por Concepción Zendrera
250 _aVigésima sexta edición
264 1 _aBarcelona
_bJuventud
_c2013
300 _a62 páginas
_bilustraciones a color
_c30 cm
336 _atexto
_btxt
_2rdacontent
337 _asin mediación
_bn
_2rdamedia
338 _avolumen
_bnc
_2rdacarrier
650 1 7 _aTiras cómicas, historietas, etc belgas
_ySiglo XX
_2ARMARC
650 1 7 _aLiteratura juvenil belga
_ySiglo XX
_2ARMARC
650 1 7 _aAventuras
_vTiras cómicas
_2ARMARC
700 1 _aHergé
_d1907-1983
_96588
700 1 _aZendrera, Concepción
_etraductora
_912015
942 _2loc
_cBKLIT
999 _c3144
_d3144